000 00478nmm a2200157Ia 4500
008 251105s9999||||xx |||||||||||||||||und||
020 _a9788425228933
041 _aspa
100 _aLupton, Ellen
245 0 _aDiseño gráfico: Nuevos fundamentos :
_b Nuevos fundamentos
264 _a[Madrid, España] :
_bEditorial Gustavo Gili,
_c2016
300 _a615 páginas
650 _aDesign and fashion
856 _uhttps://public.digitaliapublishing.com/a/41274
942 _cCF
999 _c80321
_d80321